[Event "MEX Nacional op"]
[Site "Pachuca"]
[Date "2003.04.16"]
[Round "1"]
[White "Rosas Garcia, Cesar Arturo"]
[Black "Colin Mancera, Cleto"]
[Result "1-0"]
[WhiteElo "1983"]
[BlackElo "2255"]
[PlyCount "63"]
[EventDate "2003.04.15"]
[EventType "swiss"]
[EventRounds "9"]
[EventCountry "MEX"]
[SourceTitle "CBM 093 Extra"]
[Source "ChessBase"]
[SourceDate "2003.05.09"]
[SourceVersion "1"]
[SourceVersionDate "2003.05.09"]
[SourceQuality "1"]

1. e4 c5 2. Nf3 d6 3. d4 cxd4 4. Nxd4 Nf6 5. Nc3 a6 6. Bg5 e6 7. Qd2 Be7 8. 0-0-0 0-0 9. f4 Qc7 10. Be2 b5 11. a3 Bb7 12. Bf3 Nbd7 13. Rhe1 Nb6 14. e5 dxe5 15. fxe5 Nfd5 16. Bxd5 Bxd5 17. Bf6 Rfc8 18. Qg5 Bf8 19. Re3 h6 20. Qh4 Kh7 21. Rg3 Nd7 22. Nxd5 exd5 23. Bxg7 Bxg7 24. Rxg7+ Kxg7 25. Nf5+ Kg8 26. Qg4+ Kf8 27. Qg7+ Ke8 28. Nd6+ Kd8 29. Nxf7+ Ke7 30. Nd6+ Ke6 31. Qf7+ Kxe5 32. Rxd5# 1-0

[Event "Carlos Torre Memorial op 15th"]
[Site "Merida"]
[Date "2002.12.19"]
[Round "7"]
[White "Rosas Garcia, Cesar Arturo"]
[Black "Gutierrez, Renzo"]
[Result "1-0"]
[WhiteElo "2002"]
[BlackElo "2233"]
[PlyCount "71"]
[EventDate "2002.12.13"]
[EventType "swiss"]
[EventRounds "9"]
[EventCountry "MEX"]
[SourceTitle "CBM 091 Extra"]
[Source "ChessBase"]
[SourceDate "2003.01.09"]
[SourceVersion "1"]
[SourceVersionDate "2003.01.09"]
[SourceQuality "1"]

1. e4 e6 2. d4 d5 3. Nc3 Bb4 4. e5 c5 5. a3 Qa5 6. Bd2 Bxc3 7. bxc3 Nc6 8. Qg4 Kf8 9. Ne2 Nge7 10. Ng3 Ng6 11. h4 Qa4 12. h5 Nge7 13. h6 g6 14. Rh4 c4 15. Qg5 Qxc2 16. Qf6 Rg8 17. Rf4 Nf5 18. Rc1 Qa4 19. Be2 Qxa3 20. Nxf5 exf5 21. g4 Qe7 22. g5 Be6 23. Rb1 Rb8 24. Rf3 b5 25. Bf4 Rb7 26. Re3 Ke8 27. Bxc4 dxc4 28. d5 Qxf6 29. exf6 Kd7 30. dxe6+ fxe6 31. Rd1+ Kc8 32. Rxe6 Nd8 33. Re5 Nc6 34. Re6 Na5 35. Ra6 Nb3 36. Rc6+ 1-0

[Event "MEX-ch Nat & Int 48th"]
[Site "Hermosillo"]
[Date "2002.03.31"]
[Round "9"]
[White "Rosas Garcia, Cesar Arturo"]
[Black "Juarez Escalona, Cristobal Eduardo"]
[Result "1-0"]
[WhiteElo "2002"]
[BlackElo "1696"]
[PlyCount "55"]
[EventDate "2002.03.26"]
[EventType "swiss"]
[EventRounds "9"]
[EventCountry "MEX"]
[SourceTitle "EXT 2003"]
[Source "ChessBase"]
[SourceDate "2002.11.25"]
[SourceVersion "1"]
[SourceVersionDate "2002.11.25"]
[SourceQuality "1"]

1. e4 e6 2. d4 d5 3. Nc3 Nf6 4. Bg5 Be7 5. e5 Nfd7 6. Bxe7 Qxe7 7. f4 c5 8. Nb5 Kd8 9. Nd6 cxd4 10. Qxd4 Nc6 11. Qc3 f6 12. Nf3 fxe5 13. fxe5 d4 14. Qd2 Ndxe5 15. Nxe5 Nxe5 16. Qa5+ Kd7 17. Qxe5 Qxd6 18. Qxg7+ Kc6 19. Qxh8 Qb4+ 20. Kf2 Bd7 21. Qe5 Qd2+ 22. Be2 Rf8+ 23. Kg1 Kb6 24. Qd6+ Bc6 25. Qxf8 Bxg2 26. Kxg2 Qxe2+ 27. Qf2 Qe4+ 28. Kh3 1-0

[Event "MEX-ch Nat & Int 48th"]
[Site "Hermosillo"]
[Date "2002.03.28"]
[Round "3"]
[White "Rosas Garcia, Cesar Arturo"]
[Black "Navarro Segura, Roberto"]
[Result "0-1"]
[WhiteElo "2002"]
[BlackElo "2292"]
[PlyCount "72"]
[EventDate "2002.03.26"]
[EventType "swiss"]
[EventRounds "9"]
[EventCountry "MEX"]
[SourceTitle "CBM 087 Extra"]
[Source "ChessBase"]
[SourceDate "2002.05.03"]
[SourceVersion "2"]
[SourceVersionDate "2002.08.09"]
[SourceQuality "1"]

1. e4 e5 2. f4 exf4 3. Nf3 d6 4. Bc4 Be6 5. Bxe6 fxe6 6. d4 Nf6 7. Nc3 Be7 8. Bxf4 0-0 9. Ng5 Nxe4 10. Nxe6 Bh4+ 11. g3 Qe7 12. Qg4 Nxc3 13. bxc3 Rxf4 14. Qxf4 Qxe6+ 15. Kd2 Bf6 16. Rhe1 Qf7 17. Rab1 Nc6 18. Rxb7 Na5 19. Rb5 Qxa2 20. Qf5 Nc4+ 21. Kd3 Nb6 22. Re4 Qc4+ 23. Kd2 d5 24. Qe6+ Kf8 25. Rc5 Qf1 26. Re1 Bg5+ 27. Kd1 Qf2 28. Re2 Qf1+ 29. Re1 Qf3+ 30. Re2 Nc4 31. Rb5 Qf1+ 32. Re1 Qf3+ 33. Re2 Ne3+ 34. Kd2 Ng2+ 35. Kd1 Qf1+ 36. Re1 Nxe1 0-1

[Event "MEX-ch"]
[Site "Mexico City"]
[Date "2002.??.??"]
[Round "6"]
[White "Rosas Garcia, Cesar Arturo"]
[Black "Martinez Ocampo, Fernando"]
[Result "1-0"]
[WhiteElo "2002"]
[BlackElo "2164"]
[PlyCount "52"]
[EventDate "2002.??.??"]
[EventType "swiss"]
[EventRounds "9"]
[EventCountry "MEX"]
[SourceTitle "EXT 2003"]
[Source "ChessBase"]
[SourceDate "2002.11.25"]
[SourceVersion "1"]
[SourceVersionDate "2002.11.25"]
[SourceQuality "1"]

1. e4 e5 2. Nf3 Nc6 3. Bb5 a6 4. Ba4 Nf6 5. 0-0 Be7 6. Re1 b5 7. Bb3 d6 8. c3 0-0 9. h3 Na5 10. Bc2 c5 11. d3 Qc7 12. Nbd2 Bd7 13. Nf1 b4 14. Ng3 Rfb8 15. Nh4 bxc3 16. bxc3 Nxe4 17. Rxe4 d5 18. Rg4 Bxg4 19. Qxg4 Bf8 20. Ngf5 Rb6 21. d4 Rg6 22. Nh6+ Rxh6 23. dxe5 Qxe5 24. Bf4 Qxc3 25. Rd1 Qc4 26. Nf5 Be7 1-0